000 01277cam a22003011i 4500
003 SA-RiAUC
005 20251203131423.0
008 251128s1968 su f l f00000 ara c
040 _aSA-SaLIB
_bara
_cSA-RiAUC
_erda
043 _aa-su---
050 4 _b.A311966
082 0 4 _a346.53105
_qSA-RiAUC
090 _a346.53105
_bس ع و
110 1 _aالسعودية
_eسلطة تشريعية.
240 1 0 _aنظام مجلس الأوقاف الأعلى (1386 هجري)
245 1 0 _aنظام مجلس الأوقاف الأعلى /
_cوزارة الحج والأوقاف.
264 1 _aمكة المكرمة :
_bمطبعة الحكومة،
_c1968
300 _a11 صفحة؛
_c24 سم.
336 _aنص
_btxt
_2rdacontent
_3كتاب
337 _aبدون وسيط
_bn
_2rdamedia
338 _aمجلد
_bnc
_2rdacarrier
610 1 7 _aالسعودية.
_bوزارة الحج والأوقاف.
_bمجلس الأوقاف الأعلى
_vقوانين داخلية
_2aucnm
650 7 _aالوقف
_xقوانين وتشريعات
_zالسعودية
_2aucsh
653 _aالعلوم الاجتماعية
710 1 _aالسعودية.
_bوزارة الحج والأوقاف
_eجهة إصدار.
942 _2ddc
_cBOOK
_n0
949 _aSA-JeALM
_d251128
_umohamedma123
_n1
999 _c13452
_d13452